Bilecik Bilecik Bilecik Bilecik Bilecik

Deli Memedin türküsü/ (Record no. 23573)

MARC details
000 -BAŞLIK
Sabit Uzunluktaki Kontrol Alanı 01308nam a22003977a 4500
001 - KONTROL NUMARASI
Control Dosyası 0023619
003 - KONTROL NUMARASI KİMLİĞİ
Kontrol Alanı KOHA_MİRAKIL
005 - EN SON İŞLEM TARİHİ ve ZAMANI
Kontrol Alanı 20260207002416.0
007 - FİZİKSEL TANIM SABİT ALAN - GENEL BİLGİ
Sabit uzunluklu kontrol alanı ta
008 - SABİT UZUNLUKTAKİ VERİ ÖGELERİ - GENEL BİLGİ
Sabit Alan 110802b2008 tu |||gr||||#||||0|tur |
020 ## - ISBN - ULUSLARARASI STANDART KİTAP NUMARASI
Isbn 9789750404481
040 ## - KATALOGLAMA KAYNAĞI
Özgün Kataloglama Kurumu TR-BiSEU
Kataloglama Dili tur
Çeviri Kurumu TR-BiSEU
Açıklama Kuralları rda
041 0# - DİL KODU
Metin ya da ses kaydının dil kodu tur
044 ## - YAYINLAYAN/ÜRETEN KURULUŞUN ÜLKE KODU
ISO country code tu
050 ## - SINIFLAMA ve YER NUMARASI
Sınıflama Numarası LC5148
Yer Numarası .M35 2008
100 1# - KİŞİ ADI
Yazar Adı (Kişi adı) Makal, Mahmut.
245 1# - ESER ADI BİLDİRİMİ
Başlık Deli Memedin türküsü/
Sorumluluk Bildirimi Mahmut Makal ; Mahmut Makal.
264 #1 - ÜRERİM, YAYIN, DAĞITIM ve TELİF BİLDİRİMİ
Yayın yeri İstanbul :
Yayınlayan Literatür
Yayın tarihi 2008
300 ## - FİZİKSEL TANIMLAMA
Sayfa, Cilt vb. 166 sayfa; 21 cm.
336 ## - İÇERİK TÜRÜ
Content type term metin
Content type code txt
Source rdacontent
337 ## - MEDYA TÜRÜ
Media type term aracısız
Media type code n
Source rdamedia
338 ## - TAŞIYICI TÜRÜ
Carrier type term cilt
Carrier type code nc
Source rdacarrier
490 1# - DİZİ BİLDİRİMİ
Dizi Bildirimi Literatür yayınları ;
Cilt Numarası 548.
490 1# - DİZİ BİLDİRİMİ
Dizi Bildirimi Literatür Yayınları ;
Cilt Numarası 548.
490 1# - DİZİ BİLDİRİMİ
Dizi Bildirimi Mahmut Makal Kitaplığı ;
Cilt Numarası 4
650 #0 - KONU BAŞLIĞI EK GİRİŞ - KONU TERİMİ
Konusal terim veya coğrafi ad Köy okulları--Türkiye--Tarih.
9 (RLIN) 48623
650 #0 - KONU BAŞLIĞI EK GİRİŞ - KONU TERİMİ
Konusal terim veya coğrafi ad Eğitim, Kırsal--Türkiye--Tarih.
9 (RLIN) 48624
650 #0 - KONU BAŞLIĞI EK GİRİŞ - KONU TERİMİ
Konusal terim veya coğrafi ad Eğitim ve devlet--Türkiye.
9 (RLIN) 11097
650 #0 - KONU BAŞLIĞI EK GİRİŞ - KONU TERİMİ
Konusal terim veya coğrafi ad Rural schools--Turkey--History.
9 (RLIN) 48625
650 #0 - KONU BAŞLIĞI EK GİRİŞ - KONU TERİMİ
Konusal terim veya coğrafi ad Education, Rural--Turkey--History.
9 (RLIN) 48626
650 #0 - KONU BAŞLIĞI EK GİRİŞ - KONU TERİMİ
Konusal terim veya coğrafi ad Education and state--Turkey.
9 (RLIN) 15188
830 1# - SERİ EK GİRİŞİ - TEKBİÇİM ESER ADI
Tekbiçim Başlık Literatür yayınları ;
Volume number/sequential designation 548.
9 (RLIN) 2210
830 1# - SERİ EK GİRİŞİ - TEKBİÇİM ESER ADI
Tekbiçim Başlık Literatür Yayınları ;
Volume number/sequential designation 548.
9 (RLIN) 2203
830 1# - SERİ EK GİRİŞİ - TEKBİÇİM ESER ADI
Tekbiçim Başlık Mahmut Makal Kitaplığı ;
Volume number/sequential designation 4
9 (RLIN) 48616
942 ## - EK GİRİŞ ÖGELERİ (KOHA)
Source of classification or shelving scheme Library of Congress Classification
Koha item type Book
Holdings
Materyal Türü Kalıcı Konum Mevcut Konum Raf Yeri Sınıflandırma Kaynağı Edinim Bilgisi Ana Konular Alt Konular Yer Numarası Demirbaş Numarası Fatura Tarihi Maliyet, Alış Fiyatı Maliyet, Yenileme Fiyatı Geri Çekilme Durumu Kayıp Durumu Hasarlı Durumu Kredi için değil Kayıt Tarih Toplam Ödünçverme Son Görülme Tarihi Son Kontrol Tarihi Genel / Bağış Notu
Book Prof. Dr. Azmi Özcan Kütüphanesi Prof. Dr. Azmi Özcan Kütüphanesi Uluğbey Salonu Library of Congress Classification Bağış EĞİTİM Eğitimin Özel Yönleri LC5148 .M35 2008 0023619 14/12/2010 10.19 10.19         01/11/2010 1 05/12/2024 05/12/2024 Marmara Çağdaş Eğitim Vakfı
Book Prof. Dr. Azmi Özcan Kütüphanesi Prof. Dr. Azmi Özcan Kütüphanesi Uluğbey Salonu Library of Congress Classification Bağış EĞİTİM Eğitimin Özel Yönleri LC5148 .M35 2008 0030997 02/02/2026 10.19 10.19         02/08/2011 1 05/12/2024 05/12/2024 Marmara Çağdaş Eğitim Vakfı